00782 2200289 4500001002100000005001500021035002000036007000300056008004100059020001800100082001000118084001600128100002400144245010700168250001000275260003600285300003200321650002200353700002000375504003100395990001100426990001100437990001100448990001100459990001100470990001100481INLIS00000000000422920191015030700 a0010-1019000081ta191015 g 0 ind  a9786021279373 a650.1 a650.1 HEN s0 aHENDRY, E. Ramadhan1 aStartupreneur :bMenjadi Entrepreneur Startup /cHendry E. Ramadhan; penyunting naskah, Atiatul Mu'min acet.4 aJakarta :bPenebar Plus+,c2018 a201 hlm. :bilus. ;c20 cm. 4aMANAJEMEN. BISNIS0 aATIATUL, Mu'min aBibliografi : hlm. 199-201 a6951 a a6951 b a6951 a a6951 b a6951 b a6951 a